Statystyki dla Zawody na literę M

Kliknij tutaj aby rozwiązać quiz!

Ogólne statystyki

  • Ten quiz został rozwiązany 96 razy
  • Średni wynik to 7 z 24

Statystyki odpowiedzi

Zawód% Poprawnych
malarz
93%
murarz
65%
mechanik
57%
muzyk
51%
masażysta
42%
matematyk
36%
marynarz
35%
medyk
33%
model
33%
maszynista
29%
makijażystka
26%
makler
25%
montażysta
25%
motorniczy
21%
mecenas
20%
młynarz
19%
mediator
14%
menadżer
14%
mechatronik
13%
myśliwy
12%
meteorolog
8%
moderator
8%
mnich
4%
marketingowiec
1%

Rozkład punktacji

Percentyl według liczby udzielonych odpowiedzi

Procent ludzi z każdym wynikiem

Twoja historia wyników

Nie rozwiązałeś tego quizu